Central Library OPAC University of Rajshahi
Normal view MARC view

Entry Topical Term

Number of records used in: 2

001 - CONTROL NUMBER

  • control field: 14635

003 - CONTROL NUMBER IDENTIFIER

  • control field: BD-RjUL

005 - DATE AND TIME OF LATEST TRANSACTION

  • control field: 20241210102712.0

008 - FIXED-LENGTH DATA ELEMENTS

  • fixed length control field: 241210|| aca||aabn | a|a d

040 ## - CATALOGING SOURCE

  • Original cataloging agency: BD-RjUL
  • Transcribing agency: BD-RjUL

150 ## - HEADING--TOPICAL TERM

  • Topical term or geographic name entry element: ইসলামী জ্ঞান

670 ## - SOURCE DATA FOUND

  • Source citation: Work cat.: (BD-RjUL)84498: গণি, মো. ওসমান 14634, ইসলামী জ্ঞান, বিজ্ঞান চর্চায় মক্কা, মদিনা, কুফা ও বসরা ঘরানার অবদান (১২৫৮ খ্রীষ্টাব্দ পর্যন্ত) /, ২০২৩